Online
Catalog
Normal view MARC view

Entry Nombre geográfico

Number of records used in: 3

001 - NÚMERO DE CONTROL

  • campo de control: 1198

003 - IDENTIFICADOR DEL NÚMERO DE CONTROL

  • campo de control: OSt

005 - FECHA Y HORA DE LA ÚLTIMA TRANSACCIÓN

  • campo de control: 20200615031950.0

008 - DATOS DE LONGITUD FIJA

  • campo de control de longitud fija: 200615|| aca||aabn | a|a d

040 ## - FUENTE DE LA CATALOGACIÓN

  • Centro catalogador/agencia de origen: OSt
  • Centro/agencia transcriptor: OSt

151 ## - ENCABEZAMIENTO--NOMBRE GEOGRÁFICO

  • Nombre geográfico: REPÚBLICA DOMINICANA
  • Subdivisión general: VIDA SOCIAL Y COSTUMBRES
  • Subdivisión de forma: ENSAYOS, CONFERENCIAS, ETC

670 ## - FUENTE DE DATOS ENCONTRADOS

  • Cita de la fuente: Work cat.: (OSt)353: Hungría, Jimmy, 1956- 1196, Mangos y jubilados y otros artículos :, 2008.

Powered by Koha